[Event "South Wales op 20th"]
[Site "Bridgend"]
[Date "2025.07.07"]
[Round "6"]
[White "Vaidyanathan, Adithya"]
[Black "Mokhber Garcia, Sebastian"]
[Result "1-0"]
[WhiteElo "2094"]
[BlackElo "1962"]
[PlyCount "99"]
[EventDate "2025.07.04"]
[EventType "swiss"]
[EventRounds "9"]
[EventCountry "WLS"]
[SourceTitle "CB29_2025"]
[SourceDate "2025.07.16"]
[SourceVersion "1"]
[SourceVersionDate "2025.07.16"]
[SourceQuality "1"]

1. d4 Nf6 2. c4 e6 3. Nc3 d5 4. Nf3 Be7 5. Bg5 Ne4 6. Nxe4 dxe4 7. Bxe7 Qxe7 8. Nd2 f5 9. e3 e5 10. d5 a5 11. Be2 0-0 12. 0-0 Nd7 13. f3 Qg5 14. Qb3 Nc5 15. Qa3 Nd3 16. f4 exf4 17. Bxd3 f3 18. Nxf3 Qxe3+ 19. Kh1 Qxd3 20. Qxd3 exd3 21. Rad1 Re8 22. Rxd3 Bd7 23. Kg1 Re4 24. Nd4 g6 25. b3 Rd8 26. Rfd1 Rde8 27. Kf2 Rf4+ 28. Nf3 Rfe4 29. Re1 a4 30. Rde3 axb3 31. axb3 Rxe3 32. Rxe3 Rxe3 33. Kxe3 Kg7 34. Ne5 Be8 35. c5 Kf6 36. Kd4 Ke7 37. Nc4 Kf6 38. b4 Bb5 39. Na5 b6 40. d6 bxa5 41. dxc7 Ba6 42. b5 Bc8 43. c6 Ke7 44. Kc5 a4 45. b6 a3 46. b7 Bxb7 47. cxb7 a2 48. b8Q a1Q 49. Qd8+ Kf7 50. Qd7+ 1-0

[Event "South Wales op 20th"]
[Site "Bridgend"]
[Date "2025.07.05"]
[Round "3"]
[White "Archibald, Mckenzie"]
[Black "Mokhber Garcia, Sebastian"]
[Result "0-1"]
[WhiteElo "1718"]
[BlackElo "1962"]
[PlyCount "84"]
[EventDate "2025.07.04"]
[EventType "swiss"]
[EventRounds "9"]
[EventCountry "WLS"]
[SourceTitle "CB29_2025"]
[SourceDate "2025.07.16"]
[SourceVersion "1"]
[SourceVersionDate "2025.07.16"]
[SourceQuality "1"]

1. d4 Nf6 2. c4 e6 3. Nf3 b6 4. g3 Bb7 5. Bg2 Bb4+ 6. Bd2 Be7 7. Nc3 c6 8. Ne5 d6 9. Nd3 0-0 10. 0-0 Nbd7 11. e4 e5 12. Be3 Ne8 13. d5 cxd5 14. cxd5 Bg5 15. Qd2 Bxe3 16. Qxe3 Nc7 17. a4 Na6 18. Nb5 Ndc5 19. Nxc5 bxc5 20. f4 f6 21. fxe5 fxe5 22. Rxf8+ Qxf8 23. Rf1 Qe7 24. Qf2 Rd8 25. Bh3 Bc8 26. Bxc8 Rxc8 27. Nxd6 Qxd6 28. Qf7+ Kh8 29. Qb7 Rg8 30. Qxa7 Qh6 31. Kg2 Qd2+ 32. Rf2 Qd3 33. Kh3 Qd4 34. Rf7 Nb4 35. Qe7 Qxe4 36. Rf8 Qxd5 37. Rxg8+ Qxg8 38. Qxc5 Nd3 39. Qe7 Qc8+ 40. Kg2 h6 41. a5 Qc6+ 42. Kh3 Nf2+ 0-1

[Event "WchT Blitz Pool D"]
[Site "London"]
[Date "2025.06.14"]
[Round "1.5"]
[White "Arakhamia Grant, Ketevan"]
[Black "Mokhber Garcia, Sebastian"]
[Result "1-0"]
[WhiteElo "2269"]
[BlackElo "1853"]
[PlyCount "67"]
[EventDate "2025.06.14"]
[EventType "team-tourn"]
[EventRounds "13"]
[EventCountry "ENG"]
[SourceTitle "CB25_2025"]
[SourceDate "2025.06.18"]
[SourceVersion "1"]
[SourceVersionDate "2025.06.18"]
[SourceQuality "1"]
[WhiteTeam "Perfect"]
[BlackTeam "The London Legends"]
[WhiteTeamCountry "USA"]
[BlackTeamCountry "ENG"]

1. e4 e5 2. Nf3 Nc6 3. Bb5 Nf6 4. d3 Bc5 5. 0-0 Qe7 6. c3 a6 7. Ba4 b5 8. Bb3 Bb6 9. Re1 0-0 10. h3 d6 11. Nbd2 Be6 12. Bc2 h6 13. Nf1 Rfd8 14. d4 exd4 15. cxd4 Nb8 16. Ng3 c5 17. d5 Bc8 18. Nh4 Nbd7 19. Nhf5 Qf8 20. Bf4 Ne5 21. Qd2 Kh7 22. Qe2 Ng6 23. Bd2 c4 24. Bc3 Ne5 25. Kh1 Nfd7 26. f4 Nd3 27. Bxd3 cxd3 28. Qxd3 f6 29. Qf3 Qf7 30. Rad1 Bc5 31. Nd4 Nb8 32. b3 b4 33. Bb2 a5 34. Ngf5 1-0

[Event "WchT Blitz Pool D"]
[Site "London"]
[Date "2025.06.14"]
[Round "11.5"]
[White "Mokhber Garcia, Sebastian"]
[Black "Hng, Mei En Emmanuelle"]
[Result "1-0"]
[WhiteElo "1853"]
[BlackElo "2136"]
[PlyCount "49"]
[EventDate "2025.06.14"]
[EventType "team-tourn"]
[EventRounds "13"]
[EventCountry "ENG"]
[SourceTitle "CB25_2025"]
[SourceDate "2025.06.18"]
[SourceVersion "1"]
[SourceVersionDate "2025.06.18"]
[SourceQuality "1"]
[WhiteTeam "The London Legends"]
[BlackTeam "English Knightmares"]
[WhiteTeamCountry "ENG"]
[BlackTeamCountry "ENG"]

1. e4 d6 2. d4 Nf6 3. Nc3 g6 4. Nf3 Bg7 5. Bg5 h6 6. Bh4 c6 7. h3 b5 8. a3 0-0 9. Bd3 Qc7 10. 0-0 a6 11. Re1 Nh5 12. e5 Be6 13. exd6 Qxd6 14. Ne4 Qd8 15. Nc5 Nf4 16. Nxe6 Nxe6 17. Bxg6 Nd7 18. Bf5 Nf6 19. Rxe6 fxe6 20. Bxe6+ Kh8 21. Ne5 Nd5 22. Bxd5 Qxd5 23. Ng6+ Kh7 24. Qd3 Qf5 25. Nxf8+ 1-0

[Event "WchT Blitz Pool D"]
[Site "London"]
[Date "2025.06.14"]
[Round "6.5"]
[White "Mokhber Garcia, Sebastian"]
[Black "Saduakassova, Dinara"]
[Result "0-1"]
[WhiteElo "1853"]
[BlackElo "2435"]
[PlyCount "172"]
[EventDate "2025.06.14"]
[EventType "team-tourn"]
[EventRounds "13"]
[EventCountry "ENG"]
[SourceTitle "CB25_2025"]
[SourceDate "2025.06.18"]
[SourceVersion "1"]
[SourceVersionDate "2025.06.18"]
[SourceQuality "1"]
[WhiteTeam "The London Legends"]
[BlackTeam "Katowice Hetman"]
[WhiteTeamCountry "ENG"]
[BlackTeamCountry "POL"]

1. e4 e5 2. Nf3 Nc6 3. Bc4 Bc5 4. d3 Nf6 5. 0-0 d6 6. c3 a5 7. Nbd2 0-0 8. Re1 Re8 9. Nf1 Be6 10. Bb5 Bb6 11. Ng3 h6 12. d4 Bd7 13. Bc4 exd4 14. cxd4 Bg4 15. d5 Ne5 16. Be2 Nxf3+ 17. Bxf3 Bxf3 18. Qxf3 Nxd5 19. Nf5 Ne7 20. Ng3 Ng6 21. Bd2 Ne5 22. Qh5 Nd3 23. Re2 Qf6 24. Bc3 Qg6 25. Qxg6 fxg6 26. Rd1 Nf4 27. Rc2 Re7 28. Kf1 a4 29. f3 Rf7 30. Bd4 Bxd4 31. Rxd4 Ne6 32. Rdd2 a3 33. b3 h5 34. Ne2 g5 35. Kg1 g4 36. fxg4 hxg4 37. Ng3 g6 38. Rc4 Nc5 39. e5 Nxb3 40. Rdc2 Nc5 41. exd6 cxd6 42. Rxg4 Kg7 43. Nh5+ Kh6 44. Nf4 Rg8 45. Rc3 Rf6 46. Rh3+ Kg7 47. Nh5+ Kf7 48. Nxf6 Kxf6 49. Rf3+ Ke5 50. Rfg3 b5 51. Rxa3 Ne4 52. Re3 d5 53. Rb3 Nd6 54. h4 Rh8 55. g3 Rh6 56. Re3+ Ne4 57. Rg5+ Kd4 58. Rxe4+ Kxe4 59. Kf2 Rh8 60. Rxg6 Ra8 61. Rg4+ Kd3 62. Rg5 Kc4 63. Ke3 Rxa2 64. Rg4+ Kc3 65. Rg8 d4+ 66. Ke4 Re2+ 67. Kf3 d3 68. Rc8+ Kb2 69. Rd8 Kc2 70. Rc8+ Kd2 71. Rb8 Re5 72. Kf4 Rc5 73. g4 Kc2 74. Rd8 b4 75. g5 b3 76. g6 Rc7 77. h5 b2 78. Rb8 b1Q 79. Rxb1 Kxb1 80. h6 d2 81. g7 d1Q 82. g8Q Qd2+ 83. Kf3 Rc3+ 84. Ke4 Qxh6 85. Qg1+ Kb2 86. Qb6+ Qxb6 0-1

[Event "WchT Rapid"]
[Site "London"]
[Date "2025.06.13"]
[Round "12.5"]
[White "Sefton, Adam"]
[Black "Mokhber Garcia, Sebastian"]
[Result "1-0"]
[WhiteElo "1730"]
[BlackElo "1921"]
[PlyCount "113"]
[EventDate "2025.06.11"]
[EventType "team-swiss"]
[EventRounds "12"]
[EventCountry "ENG"]
[SourceTitle "CB25_2025"]
[SourceDate "2025.06.18"]
[SourceVersion "1"]
[SourceVersionDate "2025.06.18"]
[SourceQuality "1"]
[WhiteTeam "UK Challenge Masters"]
[BlackTeam "The London Legends"]
[WhiteTeamCountry "ENG"]
[BlackTeamCountry "ENG"]

1. e4 e5 2. Nc3 Nf6 3. f4 d5 4. fxe5 Nxe4 5. Qf3 Nxc3 6. dxc3 Qh4+ 7. g3 Qe4+ 8. Qxe4 dxe4 9. Bg2 Nc6 10. Bxe4 Nxe5 11. Bf4 Bd6 12. Ne2 Nc4 13. Bxd6 Nxd6 14. Bd3 Bd7 15. 0-0-0 0-0-0 16. Rhf1 f6 17. c4 b6 18. Nc3 Be6 19. b3 c6 20. Rfe1 Bg4 21. Be2 Bxe2 22. Rxe2 Rd7 23. Na4 Nb7 24. Rde1 Rhd8 25. h3 Kc7 26. Re7 Nd6 27. g4 Nf7 28. Kb2 Ne5 29. Rxd7+ Rxd7 30. Kc3 Rd8 31. b4 h5 32. gxh5 Rh8 33. Rg1 Rh7 34. Nb2 Nf3 35. Rg4 Ne5 36. Rg3 Kd6 37. Nd3 Nf7 38. c5+ Kd7 39. cxb6 axb6 40. Nf4 Nd6 41. Rd3 Rh8 42. Kb3 Re8 43. c4 Kc7 44. a4 Re4 45. Ng2 Nxc4 46. Rg3 Ne5 47. Rxg7+ Kd6 48. h6 Nd3 49. h7 c5 50. h8Q c4+ 51. Kc3 Ne5 52. Qd8+ Ke6 53. Qxb6+ Kf5 54. Qf2+ Ke6 55. Nf4+ Kf5 56. Nh5+ Ke6 57. Qxf6+ 1-0

[Event "WchT Rapid"]
[Site "London"]
[Date "2025.06.13"]
[Round "9.4"]
[White "Skytte, Robert"]
[Black "Mokhber Garcia, Sebastian"]
[Result "1/2-1/2"]
[WhiteElo "1846"]
[BlackElo "1921"]
[PlyCount "70"]
[EventDate "2025.06.11"]
[EventType "team-swiss"]
[EventRounds "12"]
[EventCountry "ENG"]
[SourceTitle "CB25_2025"]
[SourceDate "2025.06.18"]
[SourceVersion "1"]
[SourceVersionDate "2025.06.18"]
[SourceQuality "1"]
[WhiteTeam "Danish Futures"]
[BlackTeam "The London Legends"]
[WhiteTeamCountry "DEN"]
[BlackTeamCountry "ENG"]

1. e4 e5 2. Nf3 Nf6 3. d4 exd4 4. e5 Ne4 5. Qxd4 d5 6. exd6 Nxd6 7. Bd3 Nc6 8. Qf4 Qd7 9. 0-0 Qg4 10. Re1+ Be7 11. Nc3 Qxf4 12. Bxf4 0-0 13. h3 Be6 14. Rad1 Bf6 15. Ne5 Nxe5 16. Bxe5 Bxe5 17. Rxe5 Rad8 18. Rde1 Rfe8 19. f4 c6 20. g4 Bd7 21. Kf2 f6 22. Re7 Rxe7 23. Rxe7 Kf8 24. Re2 h5 25. Kf3 Re8 26. Ne4 Nxe4 27. Bxe4 Kf7 28. a3 hxg4+ 29. hxg4 Rh8 30. Kg3 Re8 31. Rd2 Bc8 32. Re2 Rd8 33. Bd3 Rd4 34. f5 c5 35. b3 Bd7 1/2-1/2

[Event "London Chess League op"]
[Site "London"]
[Date "2025.03.15"]
[Round "3"]
[White "Mokhber Garcia, Sebastian"]
[Black "Sandhu, Jai"]
[Result "1/2-1/2"]
[WhiteElo "1908"]
[BlackElo "1721"]
[PlyCount "106"]
[EventDate "2025.03.14"]
[EventType "swiss"]
[EventRounds "5"]
[EventCountry "ENG"]
[SourceTitle "CB13_2025"]
[SourceDate "2025.03.26"]
[SourceVersion "1"]
[SourceVersionDate "2025.03.26"]
[SourceQuality "1"]

1. e4 c6 2. d4 d5 3. Nd2 dxe4 4. Nxe4 Nf6 5. Nxf6+ exf6 6. Nf3 Bg4 7. Be2 Bd6 8. h3 Bh5 9. 0-0 0-0 10. c3 Re8 11. Re1 Nd7 12. Be3 a5 13. Nd2 Bg6 14. Nc4 Bc7 15. a4 Nb6 16. Nxb6 Bxb6 17. Bf3 Bc7 18. Qb3 Qd6 19. g3 Rab8 20. Bf4 Rxe1+ 21. Rxe1 Qd8 22. Bxc7 Qxc7 23. Qa3 h6 24. Re7 Qb6 25. Qd6 Rf8 26. b4 axb4 27. Qxb4 Qxb4 28. cxb4 Rb8 29. d5 cxd5 30. Bxd5 b6 31. Rb7 Rd8 32. Bc6 Rd1+ 33. Kg2 Rd6 34. Bf3 Kf8 35. a5 bxa5 36. bxa5 Bd3 37. Rb6 Ke7 38. Rb3 f5 39. Bb7 Be4+ 40. Kf1 Kd7 41. Bxe4 fxe4 42. Rb7+ Ke6 43. Ke2 f5 44. Ke3 g5 45. Rb6 Ke5 46. Rb5+ Ke6 47. g4 Rd3+ 48. Ke2 f4 49. Rb6+ Ke5 50. Rxh6 Ra3 51. a6 f3+ 52. Ke1 Ra1+ 53. Kd2 Ra2+ 1/2-1/2

[Event "British Rapidplay"]
[Site "Peterborough"]
[Date "2025.03.02"]
[Round "7"]
[White "Mokhber Garcia, Sebastian"]
[Black "Riddoch, Alan"]
[Result "1-0"]
[WhiteElo "1908"]
[BlackElo "1751"]
[PlyCount "85"]
[EventDate "2025.03.01"]
[EventType "swiss (rapid)"]
[EventRounds "11"]
[EventCountry "ENG"]
[SourceTitle "CB10_2025"]
[SourceDate "2025.03.05"]
[SourceVersion "1"]
[SourceVersionDate "2025.03.05"]
[SourceQuality "1"]

1. e4 c5 2. Nf3 Nc6 3. d4 cxd4 4. Nxd4 e5 5. Nb5 d6 6. N1c3 a6 7. Na3 b5 8. Nd5 Nf6 9. Bg5 Be7 10. Bxf6 Bxf6 11. c4 b4 12. Nc2 a5 13. a3 b3 14. Nce3 a4 15. Be2 0-0 16. 0-0 Bb7 17. Nf5 Ne7 18. Nxf6+ gxf6 19. Nxd6 Bc6 20. f4 exf4 21. c5 Ng6 22. Bc4 Kg7 23. Nf5+ Kh8 24. Bd5 Rc8 25. Rc1 Qc7 26. h4 Qe5 27. Nd6 Rc7 28. h5 Ne7 29. Nc4 Qg5 30. Bxc6 Nxc6 31. Qd6 Rcc8 32. Nb6 Rfd8 33. Qxf4 Qxf4 34. Rxf4 Rb8 35. Rxf6 Kg7 36. Rxc6 Rd2 37. h6+ Kf8 38. Nc4 Rc2 39. Rf1 Re8 40. Nd6 Rd8 41. Rxf7+ Kg8 42. Rg7+ Kf8 43. Rcc7 1-0

[Event "British Rapidplay"]
[Site "Peterborough"]
[Date "2025.03.01"]
[Round "5"]
[White "Mokhber Garcia, Sebastian"]
[Black "Takvorian, Sebouh"]
[Result "1-0"]
[WhiteElo "1908"]
[BlackElo "1802"]
[PlyCount "95"]
[EventDate "2025.03.01"]
[EventType "swiss (rapid)"]
[EventRounds "11"]
[EventCountry "ENG"]
[SourceTitle "CB10_2025"]
[SourceDate "2025.03.05"]
[SourceVersion "1"]
[SourceVersionDate "2025.03.05"]
[SourceQuality "1"]

1. e4 e6 2. c4 c5 3. Nc3 Nc6 4. Nf3 Nge7 5. d4 cxd4 6. Nxd4 Nxd4 7. Qxd4 Nc6 8. Qe3 Be7 9. Bd3 0-0 10. 0-0 b6 11. Kh1 Ne5 12. Be2 Ng6 13. f4 f5 14. exf5 exf5 15. Bf3 Rb8 16. Bd5+ Kh8 17. Qf3 Qc7 18. Nb5 Qd8 19. Nxa7 Nh4 20. Qd3 Bf6 21. Nb5 Ba6 22. a4 Qe7 23. Nc7 Bb7 24. Bxb7 Rxb7 25. Nd5 Qd6 26. g3 Ng6 27. Qf3 Rbb8 28. Nxf6 Rxf6 29. b3 Re6 30. Bb2 Rbe8 31. Rad1 Qc7 32. Bd4 Re4 33. Bf2 Nf8 34. Rfe1 Qb7 35. Rxe4 Rxe4 36. Kg2 Ne6 37. Rd6 Nc5 38. Rd5 g6 39. g4 Ne6 40. Bg3 Qc7 41. gxf5 Nxf4+ 42. Bxf4 Rxf4 43. Qc3+ Kg8 44. Qe5 Qxe5 45. Rxe5 Rxf5 46. Rxf5 gxf5 47. b4 Kf7 48. a5 1-0

[Event "Isle of Wight op"]
[Site "Ryde"]
[Date "2025.02.22"]
[Round "8"]
[White "Mokhber Garcia, Sebastian"]
[Black "Waterfield, Mark"]
[Result "1-0"]
[WhiteElo "1974"]
[BlackElo "1892"]
[PlyCount "37"]
[EventDate "2025.02.18"]
[EventType "swiss"]
[EventRounds "9"]
[EventCountry "ENG"]
[SourceTitle "CB09_2025"]
[SourceDate "2025.02.27"]
[SourceVersion "1"]
[SourceVersionDate "2025.02.27"]
[SourceQuality "1"]

1. d4 d5 2. c4 e6 3. Nf3 c5 4. cxd5 exd5 5. Nc3 Nc6 6. dxc5 d4 7. Ne4 Qd5 8. Nd6+ Bxd6 9. cxd6 Qxd6 10. g3 Nf6 11. Bg2 0-0 12. 0-0 Bg4 13. b3 Rad8 14. h3 Bf5 15. Bb2 d3 16. exd3 Bxd3 17. Re1 Ba6 18. Qxd6 Rxd6 19. Ba3 1-0

[Event "Isle of Wight blitz op1"]
[Site "Isle of Wight"]
[Date "2025.02.19"]
[Round "1"]
[White "Bourached, Eve"]
[Black "Mokhber Garcia, Sebastian"]
[Result "0-1"]
[WhiteElo "1532"]
[BlackElo "1929"]
[PlyCount "38"]
[EventDate "2025.02.19"]
[EventType "swiss (blitz)"]
[EventRounds "7"]
[EventCountry "ENG"]
[SourceTitle "CB08_2025"]
[SourceDate "2025.02.19"]
[SourceVersion "1"]
[SourceVersionDate "2025.02.19"]
[SourceQuality "1"]

1. d4 Nf6 2. Nc3 d5 3. Bf4 e6 4. Nf3 Bd6 5. e3 Bxf4 6. exf4 0-0 7. Bb5 c6 8. Ba4 c5 9. 0-0 a6 10. Re1 b5 11. dxc5 bxa4 12. Nxa4 Nbd7 13. Ne5 Nxe5 14. fxe5 Nd7 15. Qd4 Qc7 16. c4 dxc4 17. Qxc4 Bb7 18. Rac1 Qc6 19. Red1 Qxg2# 0-1

[Event "Isle of Wight blitz op1"]
[Site "Isle of Wight"]
[Date "2025.02.19"]
[Round "2"]
[White "Mokhber Garcia, Sebastian"]
[Black "Pein, Jonathan"]
[Result "0-1"]
[WhiteElo "1929"]
[BlackElo "2249"]
[PlyCount "98"]
[EventDate "2025.02.19"]
[EventType "swiss (blitz)"]
[EventRounds "7"]
[EventCountry "ENG"]
[SourceTitle "CB08_2025"]
[SourceDate "2025.02.19"]
[SourceVersion "1"]
[SourceVersionDate "2025.02.19"]
[SourceQuality "1"]

1. e4 e5 2. Nf3 d6 3. d4 exd4 4. Nxd4 Nf6 5. Nc3 g6 6. f3 Bg7 7. Be3 0-0 8. Qd2 Nc6 9. Be2 d5 10. Nxc6 bxc6 11. 0-0-0 Be6 12. e5 Nd7 13. f4 Qb8 14. Na4 Qb7 15. Nc5 Nxc5 16. Bxc5 Rab8 17. b3 Rfe8 18. Qa5 f6 19. Ba6 Qa8 20. Qxc7 Rb6 21. Bxb6 axb6 22. exf6 Bxf6 23. Qb7 Qd8 24. Qxc6 Qe7 25. c3 Qa3+ 26. Kb1 Bf5+ 27. Ka1 Re6 28. Qc8+ Kg7 29. Rc1 Re7 30. Qc6 Qxa6 31. Rhe1 Rxe1 32. Rxe1 Qd3 33. Kb2 Qd2+ 34. Ka3 Qxe1 35. Qc7+ Qe7+ 36. Qxe7+ Bxe7+ 37. b4 Be4 38. g3 Bd3 39. Ka4 Bc4 40. Ka3 b5 41. Kb2 Bf6 42. a3 Kf7 43. Kc2 Ke6 44. g4 Bh4 45. Kd2 Bf2 46. Kd1 Be3 47. f5+ gxf5 48. gxf5+ Kxf5 49. Ke1 Bc1 0-1

[Event "London Menchik Memorial Blitz op 3rd"]
[Site "London"]
[Date "2024.09.03"]
[Round "5"]
[White "Edipoglu, Berk"]
[Black "Mokhber Garcia, Sebastian"]
[Result "0-1"]
[WhiteElo "1765"]
[BlackElo "1945"]
[PlyCount "132"]
[EventDate "2024.09.03"]
[EventType "swiss (blitz)"]
[EventRounds "14"]
[EventCountry "ENG"]
[SourceTitle "EXT 2025"]
[Source "ChessBase"]
[SourceDate "2024.10.14"]
[SourceVersion "1"]
[SourceVersionDate "2024.10.14"]
[SourceQuality "1"]

1. e4 e5 2. Nf3 Nf6 3. Nc3 Nc6 4. a3 d5 5. Bb5 dxe4 6. Nxe5 Bd7 7. Nxc6 bxc6 8. Ba4 Bd6 9. d4 exd3 10. Qxd3 0-0 11. Bg5 Re8+ 12. Ne2 Qe7 13. Bxf6 Qxf6 14. 0-0 Qh4 15. f4 Rad8 16. Qg3 Qf6 17. Nc3 Bc5+ 18. Kh1 Re3 19. Qg5 Qxg5 20. fxg5 Be6 21. Rad1 Rb8 22. Bxc6 g6 23. Na4 Bd6 24. Bd5 Bf5 25. c3 Bc2 26. Rd4 Bf5 27. Ba2 Rbe8 28. g4 Be4+ 29. Rxe4 R8xe4 30. Bxf7+ Kg7 31. Bd5 Rxa4 32. Rf7+ Kg8 33. Rf4+ Kg7 34. Rf7+ Kh8 35. Rd7 Re8 36. Bc6 Rc4 37. Bb5 Rc5 38. a4 Rxb5 39. axb5 Re1+ 40. Kg2 Re2+ 41. Kf3 Rxh2 42. Rd8+ Kg7 43. Rd7+ Kf8 44. Rd8+ Ke7 45. Ra8 Ke6 46. Rxa7 Rxb2 47. c4 Ke5 48. Ra8 Kd4 49. Rh8 Kxc4 50. Rxh7 Rxb5 51. Rh8 Rxg5 52. Ra8 Rb5 53. Ra4+ Rb4 54. Ra5 Rb3+ 55. Ke4 Rg3 56. g5 Bc5 57. Ra4+ Kb5 58. Ra1 Rxg5 59. Rb1+ Kc6 60. Ra1 Rd5 61. Ra6+ Bb6 62. Ra1 Kd6 63. Rg1 g5 64. Rg2 Ke6 65. Re2 Re5+ 66. Kf3 g4+ 0-1

[Event "London Menchik Memorial Blitz op 3rd"]
[Site "London"]
[Date "2024.09.03"]
[Round "11"]
[White "Mokhber Garcia, Sebastian"]
[Black "Zadvorny, Roman"]
[Result "1-0"]
[WhiteElo "1945"]
[BlackElo "1894"]
[PlyCount "89"]
[EventDate "2024.09.03"]
[EventType "swiss (blitz)"]
[EventRounds "14"]
[EventCountry "ENG"]
[SourceTitle "EXT 2025"]
[Source "ChessBase"]
[SourceDate "2024.10.14"]
[SourceVersion "1"]
[SourceVersionDate "2024.10.14"]
[SourceQuality "1"]

1. e4 e5 2. Nf3 Nc6 3. d4 exd4 4. Nxd4 Nf6 5. Nc3 Bb4 6. Nxc6 bxc6 7. Bd3 0-0 8. 0-0 Re8 9. Re1 d5 10. e5 Ng4 11. h3 Nxe5 12. Bxh7+ Kxh7 13. Qh5+ Kg8 14. Rxe5 Bd6 15. Rxe8+ Qxe8 16. Be3 a5 17. Re1 Be6 18. Qg5 Rb8 19. Bd4 Bf8 20. b3 Qe7 21. Qxe7 Bxe7 22. Rd1 Bb4 23. Ne2 Bf5 24. c3 Bd6 25. g4 Bg6 26. f4 Re8 27. Kf2 Bc2 28. Rd2 Be4 29. f5 g6 30. f6 a4 31. b4 Be5 32. Bxe5 Rxe5 33. Nd4 c5 34. bxc5 Re8 35. Rb2 g5 36. Rb7 Kh7 37. Rxc7 Kg6 38. Rc6 Rb8 39. Rd6 Rb2+ 40. Ke3 Rxa2 41. c6 Ra1 42. c7 Re1+ 43. Kd2 a3 44. c8Q a2 45. Qg8+ 1-0